| 000 | 01039nam a2200265Ia 4500 | ||
|---|---|---|---|
| 003 | OSt | ||
| 005 | 20221027124254.0 | ||
| 008 | 191128m20102017ck gr 001 0 spa d | ||
| 020 | _a9789588533155 (v.1) | ||
| 020 | _a9789588533186 (v.2) | ||
| 040 |
_aCO-JMCR _cCO-JMCR |
||
| 041 | 0 | _aspa | |
| 082 | 0 | 4 |
_a158.1 / _bD946m |
| 100 | 1 |
_aDuque Linares, Jorge, _eautor _92509 |
|
| 245 | 1 | 0 |
_aMi fórmula para triunfar / _cJorge Duque Linares |
| 260 |
_aBogotá : _bPanamericana, _c2010-2017 |
||
| 300 |
_a3 volúmenes ; _c21 cm + _e 1 CD |
||
| 490 | 1 | _aActitud positiva. Libro y Audio | |
| 504 | _aBibliografía al final de cada capítulo | ||
| 505 | 1 |
_gv.1. _tDesarrollo espiritual _gv.3. _tLa autoestima |
|
| 520 | _aUsted tiene en este momento en sus manos: Mi fórmula para triunfar. Yo soy esencialmente un educador y como tal, siempre he soñado con mejorarle su calidad de vida, transformándole su forma de pensar. | ||
| 650 | 1 | 4 |
_aActitud (psicología) _92510 |
| 651 | 2 | 4 | _2Autorrealización (psicología) |
| 942 |
_2ddc _cBK |
||
| 999 |
_c3440 _d3440 |
||